Kamila není doma /

Hlavní autor: Ženatá, Kamila, 1953-
Jazyk: Čeština
Vydáno: Praha : Vltavín, 2002
Vydání: 1. vyd.
Témata:
Fyzický popis: 77 s. : barev. il. ; 21 cm
Knihy
Uloženo v:
LEADER 01269nam a2200385 a 4500
001 000623091
003 CZ BrMZK
005 20030528145812.0
007 ta
008 020916s2002 xr f cze d
015 |a cnb001176025 
020 |a 80-902674-9-1 
035 |a (OCoLC)53099323 
040 |a BOA001  |b cze 
043 |a e-xr--- 
080 |a 821.162.3-4  |2 MRF 
080 |a 821.162.3-94  |2 MRF 
080 |a (437.3)  |2 MRF 
080 |a 75(437.3)  |2 MRF 
080 |a 75.036/.038  |2 MRF 
080 |a 75.071.1  |2 MRF 
100 1 |a Ženatá, Kamila,  |d 1953-  |7 jn19990210850  |4 aut  |4 ill 
245 1 0 |a Kamila není doma /  |c Kamila Ženatá ; [ilustrace Kamila Ženatá] 
250 |a 1. vyd. 
260 |a Praha :  |b Vltavín,  |c 2002 
300 |a 77 s. :  |b barev. il. ;  |c 21 cm 
600 1 7 |a Ženatá, Kamila,  |d 1953-  |7 jn19990210850  |2 czenas 
650 0 7 |a moderní malířství  |7 ph122940  |z Česko  |2 czenas 
650 0 7 |a malířky  |7 ph122597  |z Česko  |y 20. stol.  |2 czenas 
650 0 7 |a české malířství  |7 ph116864  |y 20. stol.  |2 czenas 
655 7 |a úvahy  |7 fd134000  |2 czenas 
655 7 |a vzpomínky  |7 fd133830  |2 czenas 
910 |a BOA001  |b 2-1105.887 
990 |a BK 
996 6 |b 2610169798  |c 2-1105.887  |l MZK  |r Sklad / do 1 hodiny  |n 4  |p p.v.  |w 000623091  |u 000010  |a 1  |e BOA001  |j MZK50  |s P